Stati che confinano con il Mali - Statistics

Statistiche generali
  • Questo quiz è stato fatto 15 volte
  • Il punteggio medio è 7 su 7
Statistiche sulle risposte
Superficie (km²) Popolazione (ab.) Lunghezza confine (km) Stato % Corretto
2 381 741 42 005 390 1359 Algeria
100%
1 030 700 3 359 185 2 236 Mauritania
100%
1 267 000 22 772 361 828 Niger
100%
196 788 16 636 330 489 Senegal
100%
274 200 21 510 181 1 325 Burkina Faso
91%
322 460 28 160 542 599 Costa d'Avorio
82%
245 857 13 639 439 1 062 Guinea
82%
Nessun quiz corrispondente trovato
Distribuzione punteggi
Percentuale di utenti per punteggio
Percentile per numero di risposta
I tuoi punteggi nel tempo
Non hai fatto questo quiz